| 000 | 00719nam a22002177a 4500 | ||
|---|---|---|---|
| 008 | 090130t xxu||||| |||| 00| 0 eng d | ||
| 010 | _aENG-92702 | ||
| 020 | _c100.00 | ||
| 035 | _aEN-76235 | ||
| 037 | _bDBAD / PUB | ||
| 040 |
_adpl _bEnglish |
||
| 082 | _a577 | ||
| 100 | _aVinodhini, J | ||
| 245 |
_aEcology / _cby J. Vinodhini |
||
| 260 |
_aKaraikudi _bTBS Publications _c2008 |
||
| 270 |
_a21, Subramaniapuram, 9th Street, South Extn. _bKaraikudi _e630003 |
||
| 300 |
_a151p. _c20cm (pbk) |
||
| 650 | _aEcology. | ||
| 942 |
_2ddc _cEN _mVIN _h577 |
||
| 999 |
_c22640 _d22640 |
||